The physical principles of gas liquefaction and low temperature rectification.

Bibliographic Details
Main Author: Davies, Mansel, 1913-
Format: Book
Language:English
Published: London, New York : Longmans, Green, [1949]
Subjects:

MARC

Tag First Indicator Second Indicator Subfields
LEADER 00000cam a2200000 4500
001 in00000041690
005 20151007074709.0
008 750805s1949 enka 00000 eng
010 |a  49009862  
035 |a (OCoLC)01509884 
035 |9 AAF1943AM 
040 |a DLC  |c FQG  |d TXA  |d UtOrBLW 
049 |a TXAM  |c [169598] 
050 0 0 |a QD535  |b .D3 
082 0 |a 541.36 
092 |a 541.36  |b D255p 
100 1 |a Davies, Mansel,  |d 1913- 
245 1 4 |a The physical principles of gas liquefaction and low temperature rectification. 
264 1 |a London,  |a New York :  |b Longmans, Green,  |c [1949] 
300 |a viii, 205 pages :  |b diagrams ;  |c 26 cm. 
336 |a text  |b txt  |2 rdacontent 
337 |a unmediated  |b n  |2 rdamedia 
338 |a volume  |b nc  |2 rdacarrier 
650 0 |a Gases  |x Liquefaction. 
999 |a MARS 
999 f f |s 0788ce60-fbdd-365e-b236-e4cd407155eb  |i 3db1d059-4377-33a5-9e50-df9ca8411afc  |t 0 
952 f f |p ric  |a Texas A&M University  |b Rellis Campus  |c Joint Library Facility  |d Remote Storage  |t 0  |e QD535 .D3  |h Library of Congress classification  |i unmediated -- volume  |m A14800936842 
998 f f |a QD535 .D3  |t 0  |l Remote Storage